01704nam a2200445 i 450000100060000000300080000600500170001400600190003100700150005000800410006502000180010602000270012403500230015103500240017403500250019803500210022304000310024405000270027508000080030208200160031010000330032624501510035926400640051030000410057433600310061533700330064633800430067950000230072250400290074558801250077465000370089965000550093665000340099165000540102565000230107965000300110265500270113270000370115985600620119640343FlNmELB20241216221855.0m o d | cr cnu||||||||150401s2014 mx ob 001 0 spa d z9786074387711 a9786074389333 (e-book) a(MiAaPQ)EBC3227905 a(Au-PeEL)EBL3227905 a(CaPaEBR)ebr11017469 a(OCoLC)992021361 aFINmELBbspaerdacFINmELB 4aQA76.73.J38bL925 2014 a0040 a005.1332231 aLópez Goytia, José Luis.10aProgramación orientada a objetos C++ y Java :bun acercamiento interdisciplinario /cJosé Luis López Goytia, Ángel Gutiérrez González. 1aMéxico D.F. :bLarousse - Grupo Editorial Patria,c[2014] a1 recurso en línea (298 páginas) atextobtxt2rdacontent/spa acomputadorabc2rdamedia/spa arecurso en líneabcr2rdacarrier/spa aContiene índice. aContiene bibliografía. aDescripción basada en recurso en línea; Título de la página del título en PDF (e-libro, visto April 01, 2015). 0aJava (Computer program language) 4aJava (Lenguaje de programación para computadora) 0aC (Computer program language) 4aC++ (Lenguaje de programación para computadora) 0aComputer programs. 4aProgramas de computadora. 4aLibros electrónicos.1 aGutiérrez González, Ángel.40uhttps://elibro.net/ereader/politecnicointernacional/39461